Rome : (Record no. 3387)
[ view plain ]
| 000 -LEADER | |
|---|---|
| fixed length control field | 01778cgm a2200385 i 4500 |
| 001 - CONTROL NUMBER | |
| control field | 3387 |
| 003 - CONTROL NUMBER IDENTIFIER | |
| control field | FISKH |
| 005 - DATE AND TIME OF LATEST TRANSACTION | |
| control field | 20250528104229.0 |
| 007 - PHYSICAL DESCRIPTION FIXED FIELD--GENERAL INFORMATION | |
| fixed length control field | vd cvaiz| |
| 008 - FIXED-LENGTH DATA ELEMENTS--GENERAL INFORMATION | |
| fixed length control field | 160325s2008 xxu611 mleng |
| 010 ## - LIBRARY OF CONGRESS CONTROL NUMBER | |
| LC control number | 2016600833 |
| 020 ## - INTERNATIONAL STANDARD BOOK NUMBER | |
| International Standard Book Number | 1422914003 |
| 020 ## - INTERNATIONAL STANDARD BOOK NUMBER | |
| International Standard Book Number | 9781609960766 |
| 024 1# - OTHER STANDARD IDENTIFIER | |
| Standard number or code | 733961115482 |
| 040 ## - CATALOGING SOURCE | |
| Original cataloging agency | DLC |
| Transcribing agency | DLC |
| Description conventions | amim |
| Language of cataloging | eng |
| 050 ## - LIBRARY OF CONGRESS CALL NUMBER | |
| Classification number | PZ7 |
| 082 ## - DEWEY DECIMAL CLASSIFICATION NUMBER | |
| Classification number | 937 |
| 100 ## - MAIN ENTRY--PERSONAL NAME | |
| Personal name | Wilkerson, Philip |
| 245 00 - TITLE STATEMENT | |
| Title | Rome : |
| Remainder of title | rise and fall of an empire / |
| Statement of responsibility, etc. | Philip Wilkerson |
| 246 30 - VARYING FORM OF TITLE | |
| Title proper/short title | Rise and fall of an empire |
| 250 ## - EDITION STATEMENT | |
| Edition statement | This edition 2011 |
| 260 ## - PUBLICATION, DISTRIBUTION, ETC. | |
| Date of publication, distribution, etc. | North Carolina : |
| Place of publication, distribution, etc. | Carson- Dellosa, |
| Name of publisher, distributor, etc. | 2010 |
| 300 ## - PHYSICAL DESCRIPTION | |
| Materials specified | 1 CD ROME |
| Extent | 64 pages : |
| Other physical details | color illustrations ; map ; |
| Dimensions | 29 cm |
| 500 ## - GENERAL NOTE | |
| General note | Originally broadcast on the History Channel as a television mini-series in 2008. |
| 500 ## - GENERAL NOTE | |
| General note | Sources used: videodisc container; IMDb, March 25, 2016. |
| 505 0# - FORMATTED CONTENTS NOTE | |
| Formatted contents note | disc 1. The first Barbarian War ; Spartacus ; Julius Caesar ; The forest of death -- disc 2. The Invasion of Britain ; Dacian Wars ; Rebellion and betrayal -- disc 3. Wrath of the gods ; The soldiers' emperor ; Constantine the Great -- disc 4. The barbarian general ; The puppet master ; The last emperor. |
| 520 ## - SUMMARY, ETC. | |
| Summary, etc. | Step inside Infinity Rome and take a journey back in time to one of history's greatest empires. Immerse yourself in the excitement of the crowd as gladiators fight to the death at the Colosseum; read first-hand stories of what life was like for the people |
| 650 ## - SUBJECT ADDED ENTRY--TOPICAL TERM | |
| Topical term or geographic name entry element | history |
| Form subdivision | Nonfiction |
| General subdivision | Rome |
| 655 #7 - INDEX TERM--GENRE/FORM | |
| Genre/form data or focus term | Documentary television programs. |
| Source of term | lcgft |
| 655 #7 - INDEX TERM--GENRE/FORM | |
| Genre/form data or focus term | Science television programs. |
| Source of term | lcgft |
| 655 #7 - INDEX TERM--GENRE/FORM | |
| Genre/form data or focus term | Nonfiction television programs. |
| Source of term | lcgft |
| 906 ## - LOCAL DATA ELEMENT F, LDF (RLIN) | |
| a | 0 |
| b | cbc |
| c | orignew |
| d | u |
| e | ncip |
| f | 20 |
| g | y-movingim |
| 942 ## - ADDED ENTRY ELEMENTS (KOHA) | |
| Source of classification or shelving scheme | Dewey Decimal Classification |
| Koha item type | Books |
| Suppress in OPAC | No |
| Withdrawn status | Lost status | Source of classification or shelving scheme | Damaged status | Not for loan | Collection | Home library | Current library | Shelving location | Date acquired | Total Checkouts | Full call number | Barcode | Date last seen | Date last checked out | Copy number | Price effective from | Koha item type |
|---|---|---|---|---|---|---|---|---|---|---|---|---|---|---|---|---|---|
| Dewey Decimal Classification | Non-Fiction | Footprints International School Library Network Toul Kork Campus | Footprints International School Library Network Toul Kork Campus | A TK Campus, 4th Floor, Room B401, Non-Fiction Bookcases(7-8) | 08/27/2025 | WIL 937 PZ7 | 2025-4261 | 08/27/2025 | 2 | 08/27/2025 | Books | ||||||
| Dewey Decimal Classification | Non-Fiction | Footprints International School Library Network Toul Tom Poung Campus | Footprints International School Library Network Toul Tom Poung Campus | TTP Secondary Non-Fiction Bookshelves | 03/01/2024 | 2 | WIL 937 PZ7 | 2024-0154 | 12/02/2025 | 11/28/2025 | 1 | 03/01/2024 | Books |
